|
|
|
|
| LEADER |
01173nam a2200253 a 4500 |
| 001 |
GR-MES1255 |
| 008 |
991111s1978 gr 000 0 gre d |
| 040 |
|
|
|a GrPaTEI
|b gre
|c GR-PaULI
|
| 245 |
0 |
0 |
|a Οδηγός μελέτης για την οικονομική του Samuelson
|n 1os.
|
| 250 |
|
|
|a 9η
|
| 260 |
|
|
|a Αθήνα :
|b Παπαζήσης,
|c 1978
|
| 300 |
|
|
|a 374σελ. :
|b διαγρ.
|
| 650 |
|
0 |
|a OIKONOMIA
|
| 650 |
|
0 |
|a SAMUELSON
|
| 650 |
|
4 |
|a ΕΘΝΙΚΟ ΕΙΣΟΔΗΜΑ
|
| 650 |
|
4 |
|a Νομισματική πολιτική
|
| 700 |
1 |
|
|a Robinson, Romney,
|d 1913-
|
| 700 |
1 |
|
|a Αθανασίου, Θανάσης
|
| 700 |
1 |
|
|a Σταματάκης, Νικηφόρος,
|d 1945-
|
| 942 |
|
|
|2 ddc
|
| 952 |
|
|
|0 0
|1 0
|2 ddc
|4 0
|6 339_300000000000000_ROB
|7 0
|9 265259
|a MSLG
|b MSLG
|c BSC
|d 2021-01-17
|e 24
|f 0
|g 0.00
|l 0
|o 339.3 ROB
|p 2420000004986
|r 2021-01-17 00:00:00
|t 1
|w 2021-01-17
|y BK15
|x 19991111 0 1
|x GrPaTEI
|
| 952 |
|
|
|0 0
|1 0
|2 ddc
|4 0
|6 339_300000000000000_ROB
|7 0
|9 265260
|a MSLG
|b MSLG
|c BSC
|d 2021-01-17
|e 24
|f 0
|g 0.00
|l 0
|o 339.3 ROB
|p 2420000005079
|r 2021-01-17 00:00:00
|t 1
|w 2021-01-17
|y BK15
|x 19991111 0 1
|x GrPaTEI
|
| 971 |
|
|
|a .b25722979
|b 16-04-20
|c 13-09-16
|
| 999 |
|
|
|c 152517
|d 152517
|